Survey and mapping 85: the 2nd UK national land surveying and mapping conference and exhibition [at] University of Reading 25 - 29 March 1985 (Record no. 89240)

MARC details
000 -LEADER
fixed length control field 00688cam a2200205 4500
001 - CONTROL NUMBER
control field D16273
008 - FIXED-LENGTH DATA ELEMENTS--GENERAL INFORMATION
fixed length control field 090401t1985 xxu||||| |||| 00| 0 eng d
035 ## - SYSTEM CONTROL NUMBER
System control number (Sirsi) u28336
041 ## - LANGUAGE CODE
Language code of text/sound track or separate title eng
050 ## - LIBRARY OF CONGRESS CALL NUMBER
Classification number 526
110 ## - MAIN ENTRY--CORPORATE NAME
Corporate name or jurisdiction name as entry element Royal Institution of Chartered Surveyors
9 (RLIN) 4900
245 ## - TITLE STATEMENT
Title Survey and mapping 85: the 2nd UK national land surveying and mapping conference and exhibition [at] University of Reading 25 - 29 March 1985
260 ## - PUBLICATION, DISTRIBUTION, ETC.
Place of publication, distribution, etc. London
Name of publisher, distributor, etc. Surveyors Technical Services
Date of publication, distribution, etc. 1985
300 ## - PHYSICAL DESCRIPTION
Extent Attendance list. biographical notes. 34 papers
350 ## - PRICE (NR) (BK AM CF MU VM SE) [OBSOLETE]
Price 0
520 ## - SUMMARY, ETC.
Summary, etc. Filed in box RICS 1985/11 ABC
650 ## - SUBJECT ADDED ENTRY--TOPICAL TERM
Topical term or geographic name entry element SURVEY AND MAPPING 85
942 ## - ADDED ENTRY ELEMENTS (KOHA)
Suppress in OPAC 0
948 ## - LOCAL PROCESSING INFORMATION (OCLC); SERIES PART DESIGNATOR (RLIN)
c (OCLC) 04/03/1997
Holdings
Withdrawn status Lost status Source of classification or shelving scheme Damaged status Not for loan Home library Current library Shelving location Date acquired Total Checkouts Full call number Barcode Date last seen Copy number Price effective from Koha item type
    Other/Generic Classification Scheme     London London RICS Boxes 14/09/1999   RICS 1985/11 30024941 06/08/2019 1 06/08/2019 Archive
    Other/Generic Classification Scheme     London London RICS Boxes 13/08/1991   RICS 1985/11 30017363 06/08/2019 2 06/08/2019 Book
    Other/Generic Classification Scheme     London London RICS Boxes 13/08/1991   RICS 1985/11 30017362 06/08/2019 3 06/08/2019 Book
    Other/Generic Classification Scheme     London London RICS Boxes 13/08/1991   RICS 1985/11 30017366 06/08/2019 4 06/08/2019 Book
    Other/Generic Classification Scheme     London London RICS Boxes 13/08/1991   RICS 1985/11 30017136 06/08/2019 5 06/08/2019 Reference material
    Other/Generic Classification Scheme     London London RICS Boxes 13/08/1991   RICS 1985/11 30017138 06/08/2019 6 06/08/2019 Reference material
    Other/Generic Classification Scheme     London London RICS Boxes 13/08/1991   RICS 1985/11 30017135 06/08/2019 7 06/08/2019 Reference material